Stations of Seibu Railway, Tokyo, Japan - Statistics

General Stats
  • This quiz has been taken 133 times
  • The average score is 50 of 96
Answer Stats
Line Station No. Answer % Correct
Ikebukuro Line SI 01 Ikebukuro
91%
SI 06 Nerima
86%
SI 17 Tokorozawa
86%
SS 22 Tokorozawa
86%
Shinjuku Line SS 01 Seibu Shinjuku
78%
SS 02 Takadanobaba
75%
SW 03 Tama
75%
Kokubunji Line SK 01 Kokubunji
74%
Tamako Line ST 01 Kokubunji
74%
SS 36 Haijima
72%
SI 26 Hanno
72%
SI 18 Nishi Tokorozawa
72%
Toshima Line SI 39 Toshimaen
72%
SI 12 Hoya
71%
SI 05 Sakuradai
71%
SI 36 Seibu Chichibu
71%
SI 10 Shakujii Koen
71%
SS 29 Hon Kawagoe
68%
SI 15 Kiyose
68%
SI 11 Oizumi Gakuen
68%
SI 03 Higashi Nagasaki
66%
Seibu Yurakucho Line SI 37 Kotake Mukaihara
66%
SI 16 Akitsu
65%
Seibuen Line SK 06 Seibuen
65%
SI 02 Shiinamachi
65%
SI 27 Higashi Hanno
63%
SI 09 Nerima Takanodai
63%
SI 38 Shin Sakuradai
63%
SI 04 Ekoda
62%
SI 13 Hibarigaoka
62%
SI 23 Irumashi
62%
SI 19 Kotesashi
62%
SS 13 Kami Shakuji
60%
SS 19 Kodaira
60%
SI 07 Nakamurabashi
60%
Seibu Chichibu Line SI 31 Agano
55%
SI 14 Higashi Kurume
55%
SS 21 Higashi Murayama
55%
SK 05 Higashi Murayama
55%
SS 23 Koku Koen
55%
SS 17 Tanashi
55%
SI 08 Fujimidai
54%
SI 41 Seibu Kyujo Mae
54%
SS 24 Shin Tokorozawa
54%
Tamagawa Line SW 01 Musashi Sakai
52%
SS 04 Nakai
52%
SS 26 Sayamashi
51%
SS 09 Saginomiya
49%
SS 35 Seibu Tachikawa
49%
SS 03 Shimo Ochiai
49%
SS 18 Hanakoganei
48%
SS 11 Iogi
46%
SW 06 Koremasa
46%
SS 14 Musashiseki
46%
SI 28 Koma
45%
SI 32 Nishi Agano
45%
SS 33 Tamagawa Josui
45%
SS 08 Toritsukasei
45%
SI 35 Yokoze
45%
SI 30 Higashi Agano
43%
SS 12 Kami Igusa
43%
SS 07 Nogata
43%
SS 06 Numabukuro
43%
SS 10 Shimo Igusa
43%
SI 22 Inariyama Koen
42%
SI 29 Musashi Yokote
42%
SS 31 Ogawa
42%
SK 04 Ogawa
42%
SI 33 Shomaru
42%
SI 25 Motokaji
40%
SS 27 Shin Sayama
40%
SI 24 Bushi
38%
Haijima Line SS 30 Hagiyama
38%
ST 04 Hagiyama
38%
ST 02 Hitotsubashi Gakuen
38%
SS 16 Seibu Yagisawa
38%
ST 07 Seibu Yuenchi
38%
SS 15 Higashi Fushimi
37%
SK 02 Koigakubo
37%
Sayama Line SI 40 Shimo Yamaguchi
37%
SS 05 Araiyakushimae
35%
SI 34 Ashigakubo
34%
SS 20 Kumegawa
34%
SI 21 Musashi Fujisawa
34%
SS 32 Higashi Yamatoshi
32%
SS 28 Minami Otsuka
32%
SS 34 Musashi Sunagawa
32%
SI 20 Sayamagaoka
32%
SS 25 Iriso
29%
ST 05 Yasaka
29%
SK 03 Takanodai
28%
SW 05 Kyoteijo Mae
25%
ST 03 Omekaido
25%
SW 02 Shin Koganei
25%
ST 06 Musashi Yamato
22%
SW 04 Shiraitodai
20%
No matching quizzes found
Score Distribution
Percent of People with Each Score
Percentile by Number Answered
Your Score History
You have not taken this quiz